Reprezentacje należące do UEFA - Statystyki

Ogólne statystyki
  • Ten quiz został rozwiązany 522 razy
  • Średni wynik to 48 z 55
Statystyki odpowiedzi
Odpowiedź % Poprawnych
Polska
98%
Anglia
96%
Hiszpania
96%
Rosja
96%
Francja
95%
Niemcy
95%
Portugalia
95%
Belgia
94%
Litwa
94%
Norwegia
94%
Słowacja
94%
Ukraina
94%
Czechy
93%
Irlandia
93%
Łotwa
93%
Szwecja
93%
Finlandia
92%
Holandia
92%
Białoruś
91%
Dania
91%
Grecja
91%
Słowenia
91%
Austria
90%
Estonia
90%
San Marino
90%
Albania
89%
Włochy
89%
Andora
88%
Szwajcaria
88%
Turcja
88%
Walia
88%
Chorwacja
87%
Irlandia Północna
87%
Szkocja
87%
Islandia
86%
Serbia
86%
Luksemburg
85%
Bułgaria
83%
Liechtenstein
83%
Rumunia
83%
Kosowo
82%
Węgry
82%
Macedonia Północna
80%
Mołdawia
80%
Bośnia i Hercegowina
78%
Malta
78%
Czarnogóra
77%
Armenia
76%
Gruzja
76%
Cypr
74%
Kazachstan
74%
Azerbejdżan
72%
Izrael
70%
Gibraltar
65%
Wyspy Owcze
60%
Nie znaleziono quizów pasujących do podanych kryteriów
Rozkład punktacji
Procent ludzi z każdym wynikiem
Percentyl według liczby udzielonych odpowiedzi
Twoja historia wyników
Nie rozwiązałeś tego quizu